Statistics for Brett Young - In Case You Didn't Know Lyrics

Click here to take the quiz!

General Stats

  • This quiz has been taken 150 times
  • The average score is 233 of 266

Answer Stats

Lyric% Correct
I
100%
a
99%
did
98%
know
98%
You
98%
you
98%
case
97%
didn't
97%
be
96%
I'm
96%
I'm
96%
in
96%
In
96%
about
95%
'bout
95%
The
95%
the
95%
Baby
94%
my
94%
all
93%
All
93%
crazy
93%
if
91%
time
91%
could
90%
hear
90%
that
90%
That
90%
said
89%
though
89%
And
88%
Even
88%
tell
87%
would
87%
long
86%
ago
85%
don't
85%
had
85%
heart
85%
life
85%
live
85%
lying
85%
this
85%
without
85%
can't
80%
on
80%
(mmm)
79%
been
78%
But
78%
just
78%
Just
78%
of
78%
day
77%
No
77%
no
77%
so
77%
couldn't
76%
I'd
76%
it
76%
me
76%
mind
76%
to
76%
count
74%
down
74%
things
74%
here
73%
other
73%
times
73%
what's
73%
goes
72%
say
72%
You've
72%
you've
72%
almost
71%
nothing
71%
wondering
71%
wrote
71%
way
69%
wine
69%
glass
67%
look
67%
second
67%
thinking
67%
got
66%
Got
66%
Girl
65%
tonight
65%
Yeah
65%
It's
64%
kiss
64%
I've
63%
you're
63%
belong
61%
everything
61%
something
61%
feeling
59%
was
59%
'em
54%
There
54%

Score Distribution

Percentile by Number Answered

Percent of People with Each Score

Your Score History

You have not taken this quiz